<?xml version="1.0" encoding="UTF-8"?>
<record
    xmlns:xsi="http://www.w3.org/2001/XMLSchema-instance"
    xsi:schemaLocation="http://www.loc.gov/MARC21/slim http://www.loc.gov/standards/marcxml/schema/MARC21slim.xsd"
    xmlns="http://www.loc.gov/MARC21/slim">

  <leader>01359nam a22002177a 4500</leader>
  <controlfield tag="005">20251217170552.0</controlfield>
  <controlfield tag="008">251217b           ||||fr|||| 00| 0 eng d</controlfield>
  <datafield tag="040" ind1=" " ind2=" ">
    <subfield code="a">CENDOC CAAAP</subfield>
    <subfield code="b">spa</subfield>
    <subfield code="c">CAAAP</subfield>
  </datafield>
  <datafield tag="041" ind1=" " ind2=" ">
    <subfield code="a">spa</subfield>
  </datafield>
  <datafield tag="050" ind1=" " ind2=" ">
    <subfield code="a">JC 599</subfield>
    <subfield code="b">.W54</subfield>
  </datafield>
  <datafield tag="100" ind1="1" ind2=" ">
    <subfield code="9">5733</subfield>
    <subfield code="a">Wiesse, Patricia</subfield>
    <subfield code="e">autor</subfield>
  </datafield>
  <datafield tag="245" ind1="1" ind2=" ">
    <subfield code="a">Cuando violar a una mujer era pan de cada d&#xED;a :</subfield>
    <subfield code="b">El caso de Manta y Vilca /</subfield>
    <subfield code="c">Patricia Wiesse, Gerardo Saravia, Juan Jos&#xE9; Quispe </subfield>
  </datafield>
  <datafield tag="250" ind1=" " ind2=" ">
    <subfield code="a">1ra edici&#xF3;n</subfield>
  </datafield>
  <datafield tag="260" ind1=" " ind2="1">
    <subfield code="a">Lima, Per&#xFA; : </subfield>
    <subfield code="b">Instituto de Defensa Legal,</subfield>
    <subfield code="c">2018.</subfield>
  </datafield>
  <datafield tag="300" ind1=" " ind2=" ">
    <subfield code="a">99 p&#xE1;ginas :</subfield>
    <subfield code="b">ilustraciones,</subfield>
    <subfield code="c">21 x 15 cm</subfield>
  </datafield>
  <datafield tag="505" ind1=" " ind2=" ">
    <subfield code="a">Contenido: 
I: M. A. B. -- II: Cuando M. A. B. fue violada ten&#xED;a 15 a&#xF1;os -- III: Huancavelica -- IV: Proleg&#xF3;menos de un juicio -- V: N. P. M., se&#xF1;ora de ojos verdes -- VI: El primer juicio -- VII: M. A. E. -- VIII: Cuando M. A. E. fue violada ten&#xED;a 16 a&#xF1;os -- IX: M. S. C. -- X. Cuando M. S. C. fue violada ten&#xED;a 17 a&#xF1;os ... ("pero era mi enamorada") -- XI: &#xBF;Hasta cu&#xE1;ndo se luchar&#xE1; por obtener justicia? -- XII: En medio de este oscuro panorama ... &#xBF;es posible condenar a los militares acusados? -- XIII: &#xBF;Por qu&#xE9; se considera un caso de lesa humanidad?.</subfield>
  </datafield>
  <datafield tag="650" ind1=" " ind2="0">
    <subfield code="9">4189</subfield>
    <subfield code="a">Violencia de G&#xE9;nero</subfield>
    <subfield code="v">Mujer</subfield>
    <subfield code="x">Violencia sexual</subfield>
  </datafield>
  <datafield tag="700" ind1="1" ind2=" ">
    <subfield code="9">5734</subfield>
    <subfield code="a">Saravia, Gerardo</subfield>
    <subfield code="e">autor</subfield>
  </datafield>
  <datafield tag="700" ind1="1" ind2=" ">
    <subfield code="9">5735</subfield>
    <subfield code="a">Quispe, Juan Jos&#xE9;</subfield>
    <subfield code="e">autor</subfield>
  </datafield>
  <datafield tag="942" ind1=" " ind2=" ">
    <subfield code="2">lcc</subfield>
    <subfield code="b">DD - MM - AA</subfield>
    <subfield code="c">BK</subfield>
  </datafield>
  <datafield tag="999" ind1=" " ind2=" ">
    <subfield code="c">4278</subfield>
    <subfield code="d">4278</subfield>
  </datafield>
  <datafield tag="952" ind1=" " ind2=" ">
    <subfield code="2">lcc</subfield>
    <subfield code="a">CAAAP</subfield>
    <subfield code="b">CAAAP</subfield>
    <subfield code="d">2025-12-17</subfield>
    <subfield code="l">0</subfield>
    <subfield code="o">JC 599 .W54</subfield>
    <subfield code="r">2025-12-17</subfield>
    <subfield code="y">BK</subfield>
  </datafield>
</record>
